Un marciano sin objeto: cómo el poder de las noticias nos da noticias del poder
Gardado en:
| Autor Principal: | |
|---|---|
| Formato: | Libro |
| Idioma: | Undetermined |
| Publicado: |
Santiago, Chile
Universitaria
1971
|
| Materias: | |
| Etiquetas: |
Engadir etiqueta
Sen Etiquetas, Sexa o primeiro en etiquetar este rexistro!
|
MARC
| LEADER | 00000nam a2200000Ia 4500 | ||
|---|---|---|---|
| 008 | 170316s9999 xx 000 0 und d | ||
| 040 | |a cru BVZT | ||
| 090 | |a 860 M-36u | ||
| 100 | |a Morales, José Ricardo | ||
| 245 | |a Un marciano sin objeto: cómo el poder de las noticias nos da noticias del poder | ||
| 260 | |a Santiago, Chile | ||
| 260 | |b Universitaria | ||
| 260 | |c 1971 | ||
| 300 | |a 93 páginas | ||
| 650 | |a LITERATURA LATINOAMERICANA | ||
| 999 | |c 8954 |d 8954 | ||
| 942 | |c 15 D |h 860 M-36u |2 z | ||
